Topografía aplicada a la construcción

Enregistré dans:
Détails bibliographiques
Auteur principal: Barry, Benjamin Austin (Auteur)
Format: Livre
Langue:espagnol
Publié: Ciudad de México Limusa 1980
Édition:2a. ed
Collection:Biblioteca para la industria de la construcción
Sujets:
Tags: Ajouter un tag
Pas de tags, Soyez le premier à ajouter un tag!

MARC

LEADER 00000nam a2200000 a 4500
001 UCV5684
003 CL-VaPUC
008 881230e19800000MX |||||||||||||||||spa|d
082 0 4 |a 526.9  |b BAR  |2 21 
100 0 |a Barry, Benjamin Austin  |e author  |9 299968 
245 1 0 |a Topografía aplicada a la construcción 
250 |a 2a. ed 
300 |a 342 p 
942 |c BK 
945 |d 19881230 00:00:00 
260 |a Ciudad de México  |b Limusa  |c 1980 
650 0 |a Topografía   |9 260423 
650 7 |a INSTRUMENTOS DE MEDIDA  |2 CL-VaPUC  |9 262517 
650 7 |a MEDICION INSTRUMENTOS  |2 CL-VaPUC  |9 262518 
583 |a last modification  |c 19881230 00:00:00  |k Rodrigo Vera 
490 0 |a Biblioteca para la industria de la construcción 
999 |c 212099  |d 212097 
952 |0 0  |1 0  |4 0  |6 526_900000000000000_BAR_1980  |7 0  |8 A  |9 192509  |a BIBING  |b BIBING  |d 2019-11-14  |i 2600013  |o 526.9 BAR 1980  |p 2600013  |r 2025-01-20  |w 2019-11-14  |y BK  |k CCL